000 00316nam a2200121Ia 4500
008 190216s9999||||xx |||||||||||||| ||und||
100 _aDinesj Chandra Garg&Amp; Anilkumar Garg
245 0 _aIncome Tax Ready Reckoner
260 _bLaw And Management House
_c1979
300 _a384p
650 _aCommerce
942 _cBK
999 _c4558
_d4558